000 00291nam a22001337a 4500
008 170202b xxu||||| |||| 00| 0 eng d
020 _a1273X
041 _aeng
080 _26TH
_a61
100 _a3
101 _aSHM
245 _aTEXTBOOK OF OTOLARYNGOLOGY
_cDEWEESE, D.D
942 _2udc
_cBK
999 _c4251
_d4251